000
00373nam a2200121Ia 4500
008
200619s9999 xx 000 0 und d
082
_a
305.56
245
0
_a
Sabali Karna : Dalithara Mudhiana Savalugalu (Compilation of Articles)
264
_a
Bangalore
_b
Sambuddha Prakashana
_c
2008
300
_a
29
942
_c
IR
999
_c
120000
_d
120000